Quiz sur la Belgique (connaissez vous vraiment bien le pays de tintin) - Statistiques

Statistiques générales
  • Ce quiz a été pris 45 fois
    8 depuis la dernière actualisation
  • Le résultat moyen est 7 sur 15
Statistiques - réponses
Questions Réponse % Correct
Marque de bière la plus commercialisée Jupiler
86%
Statue bruxelloise représentent un enfant entrain d’uriner Manneken Pis
86%
Le fleuve qui constitue un certains sillons avec la Meuse Sambre
86%
De Liège ou de Bruxelles Gaufre
71%
Village souvent associé à Spa pour son célèbre circuit Francorchamps
57%
Ville créé après le mouvement wallen buiten Louvain-la-Neuve
57%
Célèbre joueuse de tennis belge Justine Henin
43%
Premier roi des belges Léopold I
43%
Quelle ville belge est notamment connu pour son sucre Tirlemont
43%
Plus petite commune de Bruxelles Saint-Josse-ten-Noode
29%
Station balnéaire voulant littéralement dire Mont Blanc Blankenberg
14%
La ville belge la moins peuplée (- 80 hab. 2025) Herstappe
14%
Pilote de formule 1 (Ferrari) vice champion du monde surnommé Monsieur Le Mans Jacky Ickx
14%
Ville connue pour son Jean Nivelles
14%
DJ belge associé souvent a Vladimir Cauchemar ou Vald Todiefor
14%
Aucun quiz correspondant
Distribution des résultats
% des personnes avec chaque résultat
Percentile par nombre de réponses
Votre historique - résultats
Vous n’avez pas pris ce quiz depuis la dernière actualisation